000 00202nam a2200109Ia 4500
100 _a#N/A
650 _aDigital Design
942 _cBK
245 _aDigital design
260 _b#N/A
546 _aENGLISH
999 _c19865
_d19865